zpět

Detail výsledku týmu

Le fakap - Vypich, Praha

Datum a čas kvízu

29 Celkem bodů Celkový počet nahraných bodů na tomto kvízu bez doplňovacích otázek.
6. Pořadí na kvízu Konečné umístění týmu na tomto kvízu.

Zaznamenané odpovědi

# Otázka Odpověď Body Výsledky
1. Minulý týden nastal poměrně vz... 9. 10. (2019) 1
2. Americká společnost Johnson &... narostla mu prsa 0
3. Hudební svět přišel o další le... Cream 0
4. Provozovatelé pražských prodej... Botas 1
5. Jedna z německých fotbalových... Bastian Schweinsteiger 1
6. Téma o Brazílii zvítězilo ve f... USA, Čína 0
7. Pokud bychom chtěli v říjnu 20... v Curychu 0
8. Tento světově proslulý brazils... Oscar Niemeyer 1
9. Především venkovská brazilská... maniok 1
10. Co se týče slavných osobností,... Alessandra Ambrosio 0